01630nam a2200349 c 450000100060000000300100000600500170001600700030003300800410003602000180007704000350009504100080013004300120013808400060015010000500015624501210020625000230032726400460035030000530039633600290044933700330047833800280051152003910053952100680093065000360099865000330103465000470106765000520111465000510116670000320121770000310124959608CO-BoRNBP20251024145019.0ta250201s2024 ck a|||br||| 000 0fsspa d a9789583069512 aCO-BoRNBPbspaerdacCO-BoRNBP0 aspa as-ck--- aN1 aLeal Quevedo, Francisco Javier,d1945- ,eaut11a¿A dónde viajan los gatos? /cFrancisco Leal Quevedo y Amalia Leal Córdoba ; ilustraciones Rocío Parra Parra. aEdición especial 1aBogotá, Colombia :bPanamericana,c2024 a128 páginas :bilustraciones en blanco y negro atextobtxt2rdacontenido asin mediaciónbn2rdamedio avolumenbnc2rdasoporte aEsta es la historia de Lo, una gata que en alguna medida por el destino, y en otra por su amor por la aventura, se separa de su familia y emprende un viaje hasta llegar al fin del mundo. Allí ella vive muchas aventuras y conoce muchas otros animales. Por otro lado, su familia hace todo lo posible por encontrarla y traerla de vuelta a casa. Una historia para los amantes de los gatos aRecomendado para un público infantil a partir de los 6 años07aAnimales en la literatura2LEMB07aHistorias de aventuras2LEMB04aNovela infantil colombianaySiglo XX2LEMB07aSeguridad (psicología) en la literatura2lemb04aLiteratura infantil colombianaySiglo XX2LEMB aLeal Córdoba, Amaliaeaut aParra Parra, Rocío,eill